Statistiken für Spieler mit den meisten Elfmetertoren in der Bundesliga

Klicken Sie hier um das Quiz zu spielen!

Allgemein

  • Dieses Quiz wurde 89 mal gespielt
  • Das Durchschnittsergebnis liegt bei 6 aus 20

Antwortstatistiken

ElfertoreVereineSpieler% Korrekt
51BayernGerd Müller
90%
40Dortmund,
Bayern
Robert Lewandowski
84%
26Hamburg, LeverkusenHans-Jörg Butt
63%
29HoffenheimAndrej Kramaric
56%
24Bremen, Gladbach,
St Pauli, Freiburg,
Wolfsburg, Union
Max Kruse
48%
24Freiburg, HoffenheimVincenzo Grifo
36%
53HamburgManni Kaltz
35%
49DortmundMichael Zorc
35%
29Hamburg, HoffenheimSejad Salihovic
33%
30Gladbach, BayernLothar Matthäus
32%
29GladbachGünter Netzer
23%
30Lautern, Bielefeld,
Bochum, Uerdingen
Stefan Kuntz
22%
31Braunschweig,
Bayern
Paul Breitner
21%
40BremenHorst-Dieter Höttges
5%
20Schalke, DortmundIngo Anderbrügge
4%
20Düsseldorf, Bochum,
Leverkusen
Christian Schreier
2%
31Hamburg, Nürnberg,
Stuttgart
Georg Volkert
1%
20Hertha, Köln, GladbachRainer Bonhof
0%
22Saarbrücken, Frankfurt,
Essen
Werner Lorant
0%
31Schalke,
Gladbach
Wilfried Hannes
0%

Verteilung der Resultate

Perzentil nach korrekt beantworteten Fragen

Anzahl Personen mit jedem Resultat

Ihre Resultats-Entwicklung

Sie haben dieses Quiz noch nicht gespielt